| 000 | 00877nam a22002897a 4500 | ||
|---|---|---|---|
| 001 | BR6003879 | ||
| 003 | BR-BrBNA | ||
| 005 | 20230928083158.0 | ||
| 007 | ta | ||
| 008 | 230509b bl.||||| |||| 00| 0 por d | ||
| 040 |
_aBR-BrBNA _bpor _cBiblioteca Nacional de Agricultura |
||
| 041 | _a(Spa, Por) | ||
| 072 | _aE10; E30 | ||
| 090 | _ E10 BR6003879 | ||
| 100 | 1 | _aBarros, W.D. de | |
| 110 | 1 |
_aConselho Nacional de Reforma Agraria, Rio de Janeiro, GB (Brasil) _92700 |
|
| 245 | 1 | _aOs programas regionalizados de reforma agraria | |
| 260 | 3 |
_aRio de Janeiro, GB (Brasil): _c1962. |
|
| 300 | _a31 p. | ||
| 500 | _aReprint of "Desenvolvimento e Conjuntura," Dec 1962 | ||
| 650 | _aMacroeconomia | ||
| 650 | _aProjeto de desenvolvimento | ||
| 650 | _aReforma agraria | ||
| 650 | _aDesenvolvimento economico | ||
| 909 |
_a202309 _bLucia _c55 _dLucia Elande |
||
| 942 | _cBK | ||
| 999 |
_c11996 _d11996 |
||